000 00879nam a22003137a 4500
001 0000150
003 KOHA_MİRAKIL
005 20260207001201.0
007 ta
008 081212b2005 tu |||gr||||#0|||0|tur |
020 _a9755114297
_cYTL21,69
040 _aTR-BiSEU
_btur
_cTR-BiSEU
_erda
041 0 _atur
044 _ctu
050 _aTD345
_b.S26 2005
100 1 _aSamsunlu, Ahmet.
245 1 _aSu getirme ve kanalizasyon yapılarının projelendirilmesi/
_cAhmet Samsunlu ; Ahmet Samsunlu.
250 _a8. bs.
264 1 _aİstanbul :
_bBirsen Yayınevi
_c2005
300 _a322 sayfa: tablo
336 _ametin
_btxt
_2rdacontent
337 _aaracısız
_bn
_2rdamedia
338 _acilt
_bnc
_2rdacarrier
500 _aKaynakça var.
650 0 _aSu sağlama.
_91909
650 0 _aKanalizasyon.
_91910
907 _aOkuma Kitabı
942 _2lcc
_cBK
999 _c151
_d151